The philosophy of symbolic forms; (Record no. 7037)

MARC details
000 -LEADER
fixed length control field 00551nam a22001817a 4500
001 - CONTROL NUMBER
control field 1692589
003 - CONTROL NUMBER IDENTIFIER
control field NG-AbAUS
005 - DATE AND TIME OF LATEST TRANSACTION
control field 20230319005548.0
008 - FIXED-LENGTH DATA ELEMENTS--GENERAL INFORMATION
fixed length control field 721213m19531996ctu b 001 0 eng
020 ## - INTERNATIONAL STANDARD BOOK NUMBER
International Standard Book Number 0300062788
040 ## - CATALOGING SOURCE
Original cataloging agency DLC
Transcribing agency DLC
Modifying agency DLC
082 ## - DEWEY DECIMAL CLASSIFICATION NUMBER
Classification number 142
Item number C2738
100 1# - MAIN ENTRY--PERSONAL NAME
Personal name Cassirer, Ernst,
Dates associated with a name 1874-1945.
9 (RLIN) 169
245 14 - TITLE STATEMENT
Title The philosophy of symbolic forms;
Statement of responsibility, etc translated by Ralph Manheim. Pref. and introd. by Charles W. Hendel.
260 ## - PUBLICATION, DISTRIBUTION, ETC. (IMPRINT)
Place of publication, distribution, etc New Haven,
Name of publisher, distributor, etc Yale University Press,
Date of publication, distribution, etc 1953-c1996.
300 ## - PHYSICAL DESCRIPTION
Extent 4 v.
Dimensions 24 cm.
942 ## - ADDED ENTRY ELEMENTS (KOHA)
Source of classification or shelving scheme Dewey Decimal Classification
Item type Book

No items available.